| 000 | 01135 a2200265 4500 | ||
|---|---|---|---|
| 003 | Nust | ||
| 005 | 20220812145148.0 | ||
| 010 | _a 97186424 | ||
| 020 | _a156592262X | ||
| 040 | _cNust | ||
| 082 | 0 | 0 | _a005.133,FLA |
| 100 | 1 |
_aFlanagan, David. _989155 |
|
| 245 | 1 | 0 |
_aJava in a nutshell : _ba desktop quick reference / _cDavid Flanagan. |
| 250 | _a2nd ed. | ||
| 260 |
_aCambridge ; _aSebastopol, CA : _bO'Reilly, _cc1997. |
||
| 300 |
_axvi, 610 p. : _bill. ; _c23 cm. |
||
| 440 | 4 |
_aThe Java series _997024 |
|
| 505 | _aPart-1: Introducing Java (Page-3), Part-2: Introducing Java 1.1 (Page-85), Part-3: Programming with the Java (Page-127), Part-4: Java Language Reference (Page-227), Part-5: API Quick Reference (Page-271). | ||
| 650 | 0 |
_aJava (Computer program language) _98017 |
|
| 650 | 0 | _aObject-oriented programming (Computer science) | |
| 650 | 0 |
_aWeb servers. _995902 |
|
| 856 | 4 | 2 |
_3Contributor biographical information _uhttp://www.loc.gov/catdir/enhancements/fy0915/97186424-b.html |
| 856 | 4 | 2 |
_3Publisher description _uhttp://www.loc.gov/catdir/enhancements/fy0915/97186424-d.html |
| 942 |
_cBK _2ddc _k005.133,FLA |
||
| 999 |
_c174882 _d174882 |
||